| 000 | 01152cam a2200337 a 4500 | ||
|---|---|---|---|
| 999 |
_c7910 _d7910 |
||
| 001 | 991038841529706706 | ||
| 003 | OSt | ||
| 005 | 20240617132656.0 | ||
| 008 | 110902s2011 spc|||| |||| 0|1 0 cat| | ||
| 015 |
_aLL2011 _2bnc |
||
| 017 |
_aDL B. 4192-2011 _bBiblioteca de Catalunya |
||
| 020 | _a9788496563759 | ||
| 035 | _a(ES-BaCBU).b51347465 | ||
| 035 | _a(OCoLC)804869088 | ||
| 040 |
_aES-BaBC _bcat _cCDMR |
||
| 043 | _ae-sp--- | ||
| 080 | _a621.039(460)(091) | ||
| 080 | _a946.0"1939/1975" | ||
| 100 | 1 |
_aVilanova, Santiago _9843 |
|
| 245 | 1 | 3 |
_aLa Bomba atòmica de Franco : _bels objectius militars de l'energia nuclear a Espanya / _cSantiago Vilanova ; traducció de Pere Guixà Cerdà |
| 260 |
_aBarcelona : _bLlibres de l'Índex, _c2011 |
||
| 300 |
_a125 p. : _bil. ; _c23 cm |
||
| 490 | 1 |
_aDescoberta ; _v54 |
|
| 504 | _aBibliografia p. 116-118. Índex | ||
| 650 | 7 |
_aEnergia nuclear _zEspanya _xHistòria. _2lemac _y1955-1975 |
|
| 830 | 0 |
_aDescoberta (Llibres de l'Índex) ; _v54 |
|
| 907 |
_a.b51347465 _b18-06-21 _c02-09-11 _d02-09-11 _em _fa _g- _hcat _ispc _j0 _k0 |
||
| 908 |
_aBMON _aBC _aUAB _aUB |
||
| 940 | _aBC | ||
| 942 |
_2udc _cMON |
||